Golden State Warriors NBA Finals Starters - Statistics

General Stats
  • This quiz has been taken 843 times
    769 since last reset
  • The average score is 12 of 29
Answer Stats
Finals Players % Correct
2015, 2016, 2017, 2018, 2019, 2022 Klay Thompson
100%
2015, 2016, 2017, 2018, 2019, 2022 Stephen Curry
100%
2015, 2016, 2017, 2018, 2019, 2022 Draymond Green
99%
2017, 2018 Kevin Durant
92%
2022 Andrew Wiggins
91%
2018, 2019 Kevon Looney
81%
1964 Wilt Chamberlain
80%
2019 Andre Iguodala
79%
1967, 1975 Rick Barry
74%
2015, 2016 Andrew Bogut
71%
2015, 2016 Harrison Barnes
66%
2017 Zaza Pachulia
65%
1964, 1967 Nate Thurmond
38%
1956 Paul Arizin
34%
2022 Otto Porter Jr.
23%
1975 Charles Johnson
18%
1956 Neil Johnston
12%
1967 Jeff Mullins
11%
2019 Jordan Bell
9%
1975 Jamaal Wilkes
8%
1964 Al Attles
6%
1956 Tom Gola
6%
1975 Clifford Ray
5%
1975 Butch Beard
3%
1964, 1967 Tom Meschery
3%
1964 Gary Phillips
2%
1956 Jack George
2%
1956 Joe Graboski
2%
1967 Paul Neumann
2%
No matching quizzes found
Score Distribution
Percent of People with Each Score
Percentile by Number Answered
Your Score History
You have not taken this quiz since the last reset